00000000nam 2200000zi 4500
0019.931971
003CaOODSP
00520241119160144
006m     o  d f      
007cr |n|||||||||
008231229e197308##qucdb   ob   f|0| 0 fre d
040 |aCaOODSP|bfre|erda|cCaOODSP
043 |an-cn-qu
0861 |aCW66-1473/1973F-PDF
1001 |aHill, Michel, |eauteur.
24510|aÉtude de la croissance de Scirpus americanus à Cap Tourmente, Ste-Anne-de-Beaupré et Montmorency : |b(évaluation des différents paramètres formant les marécages intertidaux) / |cpar Michel Hill.
264 1|a[Sainte-Foy, Québec] : |bService canadien de la faune, Ministère de l'Environnement, |caoût 1973.
300 |a1 ressource en ligne (71 pages) : |bcartes, graphiques
336 |atexte|btxt|2rdacontent/fre
337 |ainformatique|bc|2rdamedia/fre
338 |aressource en ligne|bcr|2rdacarrier/fre
500 |aÉdition numérisée de l’imprimé [par Environnement et changement climatique Canada].
504 |aComprend des références bibliographiques (page 71).
650 6|aScirpes|zQuébec (Province)
650 6|aMarécages|zQuébec (Province)
650 0|aScirpus|zQuébec (Province)
650 0|aSwamps|zQuébec (Province)
7102 |aService canadien de la faune, |eorganisme de publication.
85640|qPDF|s3.74 Mo|uhttps://publications.gc.ca/collections/collection_2024/eccc/cw66/CW66-1473-1973-fra.pdf